[Event "Mauricie op"]
[Site "Trois Rivieres "]
[Date "2013.03.18"]
[Round "5"]
[White "Poirier, Erik"]
[Black "Chiku Ratte, Olivier Kenta"]
[Result "1/2-1/2"]
[WhiteElo "2057"]
[BlackElo "2153"]
[PlyCount "85"]
[EventDate "2013.03.15"]
[EventType "swiss"]
[EventRounds "5"]
[EventCountry "CAN"]
[SourceTitle "EXT 2014"]
[Source "ChessBase"]
[SourceDate "2013.11.20"]
[SourceVersion "1"]
[SourceVersionDate "2013.11.20"]
[SourceQuality "1"]

1. d4 Nf6 2. c4 c5 3. d5 e6 4. Nc3 exd5 5. cxd5 d6 6. e4 g6 7. f4 Bg7 8. Bb5+ Nbd7 9. e5 dxe5 10. fxe5 Nh5 11. e6 Qh4+ 12. g3 Nxg3 13. hxg3 Qxh1 14. Be3 Bxc3+ 15. bxc3 a6 16. exd7+ Bxd7 17. Bxd7+ Kxd7 18. Qb3 b5 19. 0-0-0 Rhe8 20. Bxc5 Qg2 21. d6 Re6 22. Bb4 a5 23. Ba3 Qc6 24. Ne2 Rc8 25. Bb2 Qc4 26. Nd4 Qxb3 27. axb3 Rxd6 28. Nxb5 Rxd1+ 29. Kxd1 Rc5 30. Nd4 Rg5 31. Ne2 h5 32. c4 a4 33. bxa4 Rc5 34. Bd4 Rxc4 35. a5 Ra4 36. Bb6 Ra1+ 37. Kc2 g5 38. Kd3 Ke6 39. Kc4 h4 40. gxh4 gxh4 41. Kb5 Kf5 42. a6 Rb1+ 43. Ka5 1/2-1/2

[Event "Montreal Mercredi 04"]
[Site "Montreal"]
[Date "2012.04.25"]
[Round "4"]
[White "Poirier, Erik"]
[Black "Ramaswamy, Kiran"]
[Result "0-1"]
[WhiteElo "2035"]
[BlackElo "2029"]
[PlyCount "56"]
[EventDate "2012.04.13"]
[EventType "swiss"]
[EventRounds "5"]
[EventCountry "CAN"]
[SourceTitle "EXT 2022"]
[Source "ChessBase"]
[SourceDate "2021.10.06"]
[SourceVersion "1"]
[SourceVersionDate "2021.10.06"]
[SourceQuality "1"]

1. d4 Nf6 2. c4 c5 3. d5 e5 4. Nc3 d6 5. e4 Be7 6. Bd3 0-0 7. Nge2 Ne8 8. a3 g6 9. Bh6 Ng7 10. Qd2 Nd7 11. g4 a6 12. h4 b5 13. cxb5 c4 14. Bxc4 axb5 15. h5 bxc4 16. hxg6 fxg6 17. Bxg7 Bg5 18. f4 Bh4+ 19. Kd1 Kxg7 20. g5 Bf2 21. Kc2 Qb6 22. Raf1 Qe3 23. Qxe3 Bxe3 24. Nb5 Nc5 25. Nc7 Ra7 26. Nb5 Rd7 27. fxe5 Rxf1 28. Rxf1 dxe5 0-1

[Event "Montreal Mercredi 04"]
[Site "Montreal"]
[Date "2012.04.18"]
[Round "3"]
[White "Poirier, Erik"]
[Black "Giroux, Robert"]
[Result "1-0"]
[WhiteElo "2035"]
[BlackElo "1903"]
[PlyCount "87"]
[EventDate "2012.04.13"]
[EventType "swiss"]
[EventRounds "5"]
[EventCountry "CAN"]
[SourceTitle "EXT 2022"]
[Source "ChessBase"]
[SourceDate "2021.10.06"]
[SourceVersion "1"]
[SourceVersionDate "2021.10.06"]
[SourceQuality "1"]

1. d4 Nf6 2. c4 e6 3. Nc3 Bb4 4. e3 b6 5. Bd3 Bb7 6. Nf3 0-0 7. 0-0 c5 8. Qc2 Bxf3 9. gxf3 cxd4 10. exd4 Nc6 11. Be3 e5 12. d5 Ne7 13. Ne4 Nxe4 14. fxe4 Ng6 15. Kh1 Bc5 16. Rab1 Qf6 17. Be2 Bxe3 18. fxe3 Qg5 19. Rf3 Qh4 20. Rf5 d6 21. Rbf1 Qe7 22. Bd3 Nh4 23. R5f2 g6 24. Qe2 f5 25. exf5 e4 26. f6 Qe5 27. Bb1 Nf5 28. Rf4 Qxf6 29. Bxe4 Qe5 30. Bxf5 Rxf5 31. Rxf5 gxf5 32. Qf3 Re8 33. Qxf5 Qxf5 34. Rxf5 Rxe3 35. Rf6 Re2 36. Rxd6 Rxb2 37. a4 Rb4 38. Rc6 Rxa4 39. Rc7 Ra1+ 40. Kg2 Rd1 41. Rxa7 b5 42. cxb5 Rxd5 43. b6 Rd2+ 44. Kf3 1-0

[Event "Trois-Rivieres Mauricie op"]
[Site "Trois Rivieres"]
[Date "2012.03.16"]
[Round "1"]
[White "Poirier, Erik"]
[Black "Bolduc, Steve"]
[Result "0-1"]
[WhiteElo "2028"]
[BlackElo "2310"]
[PlyCount "80"]
[EventDate "2012.03.16"]
[EventType "swiss"]
[EventRounds "5"]
[EventCountry "CAN"]
[SourceTitle "EXT 2022"]
[Source "ChessBase"]
[SourceDate "2021.10.06"]
[SourceVersion "1"]
[SourceVersionDate "2021.10.06"]
[SourceQuality "1"]

1. d4 e6 2. c4 b6 3. e4 Bb7 4. Nc3 Bb4 5. Bd3 f5 6. d5 fxe4 7. Bxe4 Nf6 8. Bg5 Bxc3+ 9. bxc3 Na6 10. Ne2 Nc5 11. Bf3 e5 12. Ng3 Qe7 13. 0-0 d6 14. Ne4 Ncxe4 15. Bxe4 0-0 16. Bf5 h6 17. Be6+ Kh8 18. Be3 Bc8 19. Bxc8 Raxc8 20. Qd3 Rce8 21. Rae1 Ng4 22. Qe4 Nxe3 23. fxe3 Qg5 24. a4 Kg8 25. a5 bxa5 26. h3 Rxf1+ 27. Rxf1 Rf8 28. Rxf8+ Kxf8 29. Kf2 a4 30. c5 a3 31. Qb4 Qf5+ 32. Kg3 a2 33. Qb8+ Kf7 34. Qxc7+ Kg8 35. cxd6 a1Q 36. d7 Qg1 37. d8Q+ Kh7 38. Kh4 Qgf2+ 39. g3 Qe4+ 40. Kh5 Qg6+ 0-1

[Event "Mauricie-ch"]
[Site "Trois Rivieres"]
[Date "2007.03.16"]
[Round "1"]
[White "Poirier, Erik"]
[Black "Hebert, Jean"]
[Result "0-1"]
[WhiteElo "2063"]
[BlackElo "2406"]
[PlyCount "92"]
[EventDate "2007.03.16"]
[EventType "swiss"]
[EventRounds "5"]
[EventCountry "CAN"]
[SourceTitle "EXT 2022"]
[Source "ChessBase"]
[SourceDate "2021.10.06"]
[SourceVersion "1"]
[SourceVersionDate "2021.10.06"]
[SourceQuality "1"]

1. d4 Nf6 2. c4 e6 3. Nc3 Bb4 4. e3 0-0 5. Bd3 c5 6. Nf3 Nc6 7. 0-0 d5 8. a3 Bxc3 9. bxc3 b6 10. cxd5 exd5 11. Ne5 Qc7 12. f4 Ne4 13. c4 Nf6 14. cxd5 Nxd5 15. Qc2 f5 16. e4 Nf6 17. Nxc6 Qxc6 18. e5 Nd5 19. dxc5 bxc5 20. Bc4 Be6 21. Bd2 Rac8 22. Rac1 Nb6 23. Bxe6+ Qxe6 24. Rfd1 Rc6 25. Ba5 c4 26. Bxb6 axb6 27. Rd6 Rxd6 28. exd6 b5 29. a4 Qxd6 30. axb5 Qc5+ 31. Kh1 Re8 32. b6 Re4 33. b7 Qc7 34. Qb1 Re8 35. Rxc4 Qxb7 36. Qc1 h6 37. h3 Re2 38. Rc8+ Kh7 39. Qc6 Qb1+ 40. Kh2 Qf1 41. Re8 Qxf4+ 42. Kh1 Qf1+ 43. Kh2 Rd2 44. Re3 Rd1 45. Qf3 Qg1+ 46. Kg3 Rf1 0-1

[Event "Quebec-ch classe"]
[Site "Trois Rivieres"]
[Date "2006.10.07"]
[Round "3"]
[White "Poirier, Erik"]
[Black "Le Duin, Thierry"]
[Result "0-1"]
[WhiteElo "2125"]
[BlackElo "2134"]
[PlyCount "122"]
[EventDate "2006.10.06"]
[EventType "swiss"]
[EventRounds "5"]
[EventCountry "CAN"]
[SourceTitle "EXT 2022"]
[Source "ChessBase"]
[SourceDate "2021.10.06"]
[SourceVersion "1"]
[SourceVersionDate "2021.10.06"]
[SourceQuality "1"]

1. d4 Nf6 2. c4 c5 3. d5 b5 4. cxb5 a6 5. b6 Qxb6 6. Nc3 g6 7. e4 d6 8. Nf3 Bg7 9. Be2 Bd7 10. a4 Bg4 11. a5 Qc7 12. Nd2 Bd7 13. 0-0 0-0 14. Nc4 Bb5 15. Nb6 Bxe2 16. Qxe2 Ra7 17. f4 Nbd7 18. Nc4 Ne8 19. Bd2 Qb8 20. Rae1 Nc7 21. Na4 Nb5 22. Nab6 Nd4 23. Qd3 Nxb6 24. axb6 Rb7 25. Bc3 Rxb6 26. Nxb6 Qxb6 27. e5 Nf5 28. Qc4 h5 29. exd6 exd6 30. Bxg7 Kxg7 31. Rf2 a5 32. Ra1 Nd4 33. Qc3 Qb3 34. Qxb3 Nxb3 35. Re1 Kf6 36. h3 h4 37. Rfe2 Rb8 38. Re8 Rb6 39. Rh8 Nd4 40. Rd8 Nf5 41. Re2 Rb4 42. Rd7 Rd4 43. Re8 Rxd5 44. Rf8 Nh6 45. Rh8 Kg7 46. Rb8 Rd4 47. Rb6 Nf5 48. Rbb7 Rxf4 49. Rxf7+ Kh6 50. Rbd7 Kg5 51. Rxf5+ gxf5 52. Rxd6 Rd4 53. Rc6 Rc4 54. Ra6 a4 55. Rc6 Kf4 56. Kf2 Rc2+ 57. Kg1 Rxb2 58. Rxc5 a3 59. Ra5 a2 60. Kh2 Ke4 61. Ra8 Kd4 0-1

[Event "Quebec-ch 1/2 final"]
[Site "Montreal"]
[Date "2006.06.17"]
[Round "3"]
[White "Roy, Myriam"]
[Black "Poirier, Erik"]
[Result "0-1"]
[WhiteElo "1723"]
[BlackElo "2092"]
[PlyCount "52"]
[EventDate "2006.06.16"]
[EventType "swiss"]
[EventRounds "5"]
[EventCountry "CAN"]
[SourceTitle "EXT 2007"]
[Source "ChessBase"]
[SourceDate "2006.11.23"]
[SourceVersion "1"]
[SourceVersionDate "2006.11.23"]
[SourceQuality "1"]

1. e4 c5 2. Nf3 Nc6 3. d4 cxd4 4. Nxd4 Nf6 5. Nc3 e5 6. Ndb5 d6 7. Bg5 a6 8. Na3 b5 9. Nd5 Be7 10. Bxf6 Bxf6 11. c3 Ne7 12. Nxe7 Qxe7 13. c4 0-0 14. cxb5 Bb7 15. Bd3 axb5 16. 0-0 d5 17. Nxb5 dxe4 18. Bc2 Qb4 19. Nc3 Rfd8 20. Qb1 Be7 21. Nxe4 f5 22. Bb3+ Kh8 23. Nc3 Qg4 24. f3 Bc5+ 25. Kh1 Rd2 26. Rg1 Bxf3 0-1

[Event "Montreal Maitres-B"]
[Site "Montreal"]
[Date "2005.10.16"]
[Round "4"]
[White "Dupuis, Stephane"]
[Black "Poirier, Erik"]
[Result "1-0"]
[WhiteElo "2137"]
[BlackElo "2096"]
[PlyCount "49"]
[EventDate "2005.10.14"]
[EventType "tourn"]
[EventRounds "5"]
[EventCountry "CAN"]
[SourceTitle "EXT 2009"]
[Source "ChessBase"]
[SourceDate "2008.11.26"]
[SourceVersion "1"]
[SourceVersionDate "2008.11.26"]
[SourceQuality "1"]

1. e4 c5 2. Nf3 Nc6 3. d4 cxd4 4. Nxd4 Nf6 5. Nc3 e5 6. Ndb5 d6 7. a4 a6 8. Na3 Be7 9. Bc4 Be6 10. Bg5 Nxe4 11. Nxe4 d5 12. Bxe7 Kxe7 13. Qh5 dxc4 14. 0-0 f6 15. Rad1 Qc7 16. Nd6 Nd4 17. Ne4 Rad8 18. f4 exf4 19. Rfe1 g6 20. Qc5+ Qxc5 21. Nxc5 Ne2+ 22. Kf2 Rxd1 23. Rxd1 f3 24. Nxe6 Kxe6 25. Kxf3 1-0

[Event "Montreal Maitres-B"]
[Site "Montreal"]
[Date "2005.10.15"]
[Round "2"]
[White "Lacroix, Serge"]
[Black "Poirier, Erik"]
[Result "1-0"]
[WhiteElo "2018"]
[BlackElo "2096"]
[PlyCount "79"]
[EventDate "2005.10.14"]
[EventType "tourn"]
[EventRounds "5"]
[EventCountry "CAN"]
[SourceTitle "EXT 2009"]
[Source "ChessBase"]
[SourceDate "2008.11.26"]
[SourceVersion "1"]
[SourceVersionDate "2008.11.26"]
[SourceQuality "1"]

1. e4 c5 2. Nf3 Nc6 3. d4 cxd4 4. Nxd4 Nf6 5. Nc3 e5 6. Ndb5 d6 7. Bg5 a6 8. Bxf6 gxf6 9. Na3 b5 10. Nd5 Bg7 11. c3 Ne7 12. Nc2 Nxd5 13. Qxd5 Rb8 14. Be2 Bb7 15. Qd3 d5 16. Qg3 0-0 17. Ne3 Kh8 18. exd5 Rg8 19. Qh3 Bc8 20. Qh5 f5 21. Rd1 Qf6 22. d6 Be6 23. Nd5 Bxd5 24. Rxd5 Bf8 25. 0-0 Rg5 26. Qh3 Bxd6 27. Rfd1 Bc7 28. Rd7 Rc8 29. a4 Qg6 30. axb5 Rg8 31. g3 Bb8 32. bxa6 f4 33. Rd8 fxg3 34. Rxg8+ Qxg8 35. hxg3 e4 36. Kf1 e3 37. g4 exf2 38. Rd4 f5 39. Qd3 Bc7 40. Rd7 1-0

[Event "Montreal Pere Noel op"]
[Site "Montreal"]
[Date "2004.12.27"]
[Round "2"]
[White "Poirier, Erik"]
[Black "Hebert, Jean"]
[Result "1-0"]
[WhiteElo "2063"]
[BlackElo "2427"]
[PlyCount "57"]
[EventDate "2004.12.??"]
[EventType "swiss"]
[EventRounds "5"]
[EventCountry "CAN"]
[SourceTitle "EXT 2006"]
[Source "ChessBase"]
[SourceDate "2005.11.24"]
[SourceVersion "1"]
[SourceVersionDate "2005.11.24"]
[SourceQuality "1"]

1. d4 g6 2. c4 Bg7 3. Nc3 c5 4. d5 Bxc3+ 5. bxc3 f5 6. g3 Qa5 7. Qc2 Nf6 8. Bg2 d6 9. Nf3 Nbd7 10. 0-0 Nb6 11. Nd2 Na4 12. Bb2 0-0 13. Rae1 e5 14. e4 f4 15. gxf4 Nh5 16. fxe5 dxe5 17. Bc1 Bd7 18. Nb3 Qa6 19. f4 Qd6 20. fxe5 Qxe5 21. Nd2 Rxf1+ 22. Rxf1 Re8 23. Nf3 Qxe4 24. Qxe4 Rxe4 25. Ng5 Rxc4 26. Ne6 Bxe6 27. dxe6 Nxc3 28. e7 Ne2+ 29. Kf2 1-0

[Event "Montreal Pere Noel op"]
[Site "Montreal"]
[Date "2004.??.??"]
[Round "3"]
[White "Lawson, Eric"]
[Black "Poirier, Erik"]
[Result "1-0"]
[WhiteElo "2409"]
[BlackElo "2063"]
[PlyCount "51"]
[EventDate "2004.12.??"]
[EventType "swiss"]
[EventRounds "5"]
[EventCountry "CAN"]
[SourceTitle "EXT 2006"]
[Source "ChessBase"]
[SourceDate "2005.11.24"]
[SourceVersion "1"]
[SourceVersionDate "2005.11.24"]
[SourceQuality "1"]

1. d4 Nf6 2. Bg5 e6 3. e4 h6 4. Bxf6 Qxf6 5. Nc3 Bb4 6. Qd2 c5 7. a3 Bxc3 8. bxc3 d6 9. Bb5+ Bd7 10. Rb1 0-0 11. Bxd7 Nxd7 12. f4 Rfd8 13. Ne2 e5 14. Rxb7 exd4 15. cxd4 cxd4 16. Rb4 Rac8 17. Rxd4 Nc5 18. 0-0 Ne6 19. Rxd6 Rxd6 20. Qxd6 Rxc2 21. e5 Qf5 22. Ng3 Qg4 23. Qb8+ Nf8 24. Qxa7 h5 25. Qa4 Qg6 26. e6 1-0

[Event "Quebec-ch classe U2000"]
[Site "Repentigny"]
[Date "2003.11.23"]
[Round "4"]
[White "Poirier, Erik"]
[Black "Gilbert, Erick"]
[Result "1-0"]
[WhiteElo "1985"]
[BlackElo "1949"]
[PlyCount "93"]
[EventDate "2003.11.21"]
[EventType "swiss"]
[EventRounds "5"]
[EventCountry "CAN"]
[SourceTitle "EXT 2022"]
[Source "ChessBase"]
[SourceDate "2021.10.06"]
[SourceVersion "1"]
[SourceVersionDate "2021.10.06"]
[SourceQuality "1"]

1. d4 Nf6 2. c4 c5 3. d5 b5 4. cxb5 a6 5. b6 g6 6. Nc3 d6 7. e4 Bg7 8. Be2 Nbd7 9. Nf3 Nxb6 10. 0-0 0-0 11. a4 Bb7 12. a5 Nbd7 13. Bf4 Ng4 14. Nd2 Nge5 15. Be3 Nf6 16. f4 Ned7 17. Nc4 Ne8 18. Bf3 Rb8 19. Re1 Nc7 20. Bf2 Ba8 21. e5 Rb4 22. b3 Qb8 23. Rb1 Ne8 24. Bg3 Qd8 25. Kh1 Qc7 26. Qd3 Nb8 27. h3 Nd7 28. Re2 f5 29. exd6 exd6 30. Re6 Qb8 31. Na4 Qb5 32. Be1 Qb8 33. Bxb4 cxb4 34. Rbe1 Ndf6 35. Nab6 Bb7 36. Qe2 Bc8 37. Nxc8 Qxc8 38. Nxd6 Nxd6 39. Rxd6 Qc5 40. Qe6+ Kh8 41. Rc6 Qf2 42. Rec1 Ne4 43. Bxe4 fxe4 44. d6 Qxf4 45. Rc8 Bc3 46. Rxf8+ Qxf8 47. d7 1-0

[Event "Laval op 20th"]
[Site "Laval"]
[Date "2003.04.13"]
[Round "4"]
[White "Dupuis, Stephane"]
[Black "Poirier, Erik"]
[Result "1-0"]
[WhiteElo "2234"]
[BlackElo "2002"]
[PlyCount "51"]
[EventDate "2003.04.11"]
[EventType "swiss"]
[EventRounds "5"]
[EventCountry "CAN"]
[SourceTitle "EXT 2006"]
[Source "ChessBase"]
[SourceDate "2005.11.24"]
[SourceVersion "1"]
[SourceVersionDate "2005.11.24"]
[SourceQuality "1"]

1. e4 c5 2. Nc3 Nc6 3. f4 g6 4. Nf3 Bg7 5. Bb5 e6 6. Bxc6 bxc6 7. e5 d5 8. exd6 Nf6 9. d3 0-0 10. 0-0 Qxd6 11. Kh1 Ba6 12. Ne5 Rfd8 13. Qe1 c4 14. dxc4 Rab8 15. Rb1 c5 16. b3 Bb7 17. Be3 Ne4 18. Nxe4 Bxe4 19. Rd1 Qc7 20. Qf2 Rxd1 21. Rxd1 Bxe5 22. fxe5 Qxe5 23. Qd2 Kg7 24. Bh6+ Kf6 25. Bf4 Qh5 26. Bxb8 1-0

[Event "Quebec Carnaval op"]
[Site "Quebec"]
[Date "2003.02.15"]
[Round "2"]
[White "Poirier, Erik"]
[Black "Saucier, Luc"]
[Result "1-0"]
[WhiteElo "1965"]
[BlackElo "1687"]
[PlyCount "85"]
[EventDate "2003.02.??"]
[EventType "swiss"]
[EventRounds "5"]
[EventCountry "CAN"]
[SourceTitle "EXT 2006"]
[Source "ChessBase"]
[SourceDate "2005.11.24"]
[SourceVersion "1"]
[SourceVersionDate "2005.11.24"]
[SourceQuality "1"]

1. d4 d5 2. c4 e6 3. Nc3 Nf6 4. cxd5 exd5 5. Bg5 c6 6. Qc2 Be7 7. e3 Bg4 8. Bd3 Nbd7 9. f3 Bh5 10. Nge2 Qa5 11. 0-0 0-0 12. Nf4 Bg6 13. Nxg6 hxg6 14. Bh4 Rfe8 15. a3 a6 16. b4 Qc7 17. e4 Nb6 18. e5 Nh7 19. Bxe7 Rxe7 20. f4 Nf8 21. Ne2 Nbd7 22. Kh1 Ne6 23. g4 Qb6 24. Qc3 a5 25. f5 gxf5 26. gxf5 Nxd4 27. Nxd4 Nxe5 28. f6 axb4 29. axb4 Ree8 30. fxg7 Rxa1 31. Rxa1 Nxd3 32. Qxd3 Qxb4 33. Nf5 Re1+ 34. Rxe1 Qxe1+ 35. Kg2 Qb4 36. Qe2 Qe4+ 37. Qxe4 dxe4 38. Kf2 b5 39. Ke3 b4 40. Kxe4 c5 41. Kd3 b3 42. Kc3 c4 43. h4 1-0